000
00339 a2200157 4500
001
181680
020
_a
040
_c
Magnum
100
_a
Imenes, Luiz Marcio
240
1
0
_a
Matematica ao vivo/v.1
_l
por
245
1
0
_a
Matematica ao vivo/v.1
362
0
_a
1899
440
1
_a
Scipione
697
_a
MAGNITO: PARADIDATICO
942
_c
BK
999
_c
181680
_d
181680